Catalog

Record Details

Catalog Search



Missionarische Gemeindearbeit - Persönliche Evangelisation  Cover Image Book Book

Missionarische Gemeindearbeit - Persönliche Evangelisation / Heinz Müller, Ernst-Wilhelm Erdlenbruch

Müller, Heinz (Author). Erdlenbruch, Ernst-Wilhelm (Added Author).

Record details

  • ISBN: 3-920345-63-0
  • Physical Description: 126 s.
  • Publisher: Marburg Verlag der Francke-Buchhandlung 1976

Available copies

  • 1 of 1 copy available at Common Catalog SPOK.

Holds

  • 0 current holds with 1 total copy.
Show Only Available Copies
Location Call Number / Copy Notes Barcode Shelving Location Status Due Date
ETS Library 269.2 424470000970 Volný výběr Available -

LDR 00799nam a2 00265
00141830
003CZ-PrJAB
00520030307000000.0
008011219s1976 xr e |||| |ger
009ge
020 . ‡a3-920345-63-0
035 . ‡a(CONS)5852
035 . ‡aKPS10457
040 . ‡aABG450
041 . ‡ager
08214. ‡a269.2
100 . ‡74868 ‡aMüller, Heinz
245 . ‡aMissionarische Gemeindearbeit - Persönliche Evangelisation / ‡cHeinz Müller, Ernst-Wilhelm Erdlenbruch
260 . ‡aMarburg ‡bVerlag der Francke-Buchhandlung ‡c1976
300 . ‡a126 s.
490 . ‡aTelos
653 . ‡aMissionarische Gemeindearbeit - Persönliche Evangelisation
700 . ‡74869 ‡aErdlenbruch, Ernst-Wilhelm
8524 . ‡bETS ‡bETS ‡cVolný výběr ‡j269.2 ‡gA ‡p424470000970
910 . ‡aABG450
999 . ‡a5852 ‡bAUTOGEN ‡c5852 ‡tbiblio
905 . ‡uadmin
901 . ‡a41830 ‡b ‡c41830 ‡tbiblio ‡sets

Additional Resources